L'eredità dei corpi /

Gespeichert in:
Bibliographische Detailangaben
1. Verfasser: Porru, Marco (Verfasst von)
Format: Buch
Sprache:Italienisch
Veröffentlicht: Roma : Nutrimenti, 2012
Schriftenreihe:Greenwich ; 24
Tags: Tag hinzufügen
Keine Tags, Fügen Sie das erste Tag hinzu!

MARC

LEADER 00000nam a22000007i 4500
001 IT\ICCU\RAV\1958661
003 ItRI
005 20260115232130.0
008 120417s2012 it |||||| |||||1|||||c
020 |a 9788865941263 
040 |b ita  |c importazione bologna sebina 
041 7 |a ita  |2 ISO-639-2 
082 |a 853.914  |9 NARRATIVA ITALIANA. 1945-  |2 20 
100 1 |a Porru, Marco  |0 IT\ICCU\RAVV\624678  |4 aut 
240 1 2 |a L'eredità dei corpi  |3 IT\ICCU\RAV\1958662  |9 Porru, Marco 
245 1 2 |a L'eredità dei corpi /  |c Marco Porru. 
260 |a Roma :  |b Nutrimenti,  |c 2012 
300 |a 303 p. ;  |c 22 cm 
830 0 |a Greenwich ;  |v 24  |0 IT\ICCU\MOD\1395609 
942 |2 ddc  |c BK  |n 0 
952 |0 0  |1 0  |4 0  |6 DOC_853_920000000000000_POR  |7 0  |9 20619  |a BO  |b BO  |d 2026-01-15  |i 16770  |l 0  |o DOC 853.92 POR  |p BO16770  |r 2026-01-15 23:21:30  |w 2026-01-15  |x [Sebina 5] [1 v.]  |y BK  |z 1 v. 
999 |c 17609  |d 17609